• 首页
  • 本馆介绍
  • 公告通知
  • 最新文献
  • 馆藏检索
  • 电子资源
  • 读者导购
  • 参考咨询
  • 我的图书馆
  • 登录
  • 详细信息显示
  • 放入我的书架
  • 预约/预借图书
  • 作者相关作品
  • 分类相关作品
  • 丛书相关作品
  • 出版社相关作品

书目信息

  • 表格格式
  • 工作单格式
  • 卡片格式
题名:
乐谱集/MIDI制作宝典
    
 
作者: 王江涛 , 高新丽 著 ;远望图书部 编
分册:  
出版信息:    2005
页数: 32页
开本: 26cm
丛书名:
单 册:
中图分类: J614.8-39
科图分类:
主题词: 计算机应用--音乐制作
电子资源:
ISBN:
000 01078nam0 2200241 450
005 20070123162808.82
010    @dCNY
100    @a20060829d2005 ekmy0chiy0120 ea
101 0  @achi
105    @aag z 000yy
200 1  @a乐谱集/MIDI制作宝典@Ayue pu ji/MIDI zhi zuo bao dian@f王江涛, 高新丽著@FWang Jiang Tao , Gao Xin Li Zhu@g远望图书部编
210    @d2005
215    @a32页@d26cm
312    @a本书为《电脑音乐DIY手册》的乐谱册
330    @a本书收录了《电脑音乐DIY手册》一书中所有相关的乐谱,包括正文及习题部分。对于这些乐谱,作如下说明:(1)此处的简谱由TTC(TT作曲家)1.2s标准版软件制作,五线谱由MW3(Musicator Win 3.0)软件制作。(2)为方便初学音乐的朋友,所有乐谱都为C大调(a小调)或G大调(e小调),其中有的乐谱为原调,有的乐谱为改编后的调。
517 1  @a乐谱集/MIDI制作宝典@Ayue pu ji/MIDI zhi zuo bao dian
606 0  @a计算机应用@y音乐制作
690    @aJ614.8-39@v4
701  0 @a王江涛@AWang Jiang Tao@4著
701  0 @a高新丽@AGao Xin Li@4著
712 02 @a远望图书部@AYuan Wang Tu Shu Bu@4编
801  0 @aCN@b中图数据@c20070123
905    @a10447@dJ614.8-39@e416(+)
    
    乐谱集/MIDI制作宝典/王江涛, 高新丽著/远望图书部编.-2005
    32页;26cm
    
    
    ISBN :CNY
    本书收录了《电脑音乐DIY手册》一书中所有相关的乐谱,包括正文及习题部分。对于这些乐谱,作如下说明:(1)此处的简谱由TTC(TT作曲家)1.2s标准版软件制作,五线谱由MW3(Musicator Win 3.0)软件制作。(2)为方便初学音乐的朋友,所有乐谱都为C大调(a小调)或G大调(e小调),其中有的乐谱为原调,有的乐谱为改编后的调。
●
相关链接 在E读中查询图书 在五车中查询图书 在当当中查询图书 在豆瓣中查询图书


正题名:乐谱集/MIDI制作宝典     索取号:J614.8-39/416(+)         预约/预借

序号 登录号 条形码 馆藏地/架位号 状态 备注
1 0505260   205052609   第一样本阅览室/ [索取号:J614.8-39/416(+)] 在馆    
2 0505261   205052618   第一借阅区/ [索取号:J614.8-39/416(+)] 在馆    
3 0505262   205052627   第一借阅区/ [索取号:J614.8-39/416(+)] 在馆    
4 0505263   205052636   第一借阅区/ [索取号:J614.8-39/416(+)] 在馆    
5 0505264   205052645   第一借阅区/ [索取号:J614.8-39/416(+)] 在馆    
唐山师范学院图书馆 欢迎您!
大连网信软件有限公司© 版权所有